Paul Newman Movies Quiz Stats

 Plays Quiz Updated Feb 7, 2020

Support Sporcle.
Go Orange.
Score 0/59 Timer 10:00
0 Plays Today
Year Movie Title % Correct
1969Butch Cassidy and the Sundance Kid
90%
1967Cool Hand Luke
84.3%
1986The Color of Money
77.6%
1973The Sting
76.1%
1961The Hustler
73.5%
1963Hud
67.2%
1958Cat on a Hot Tin Roof
55.2%
2006Cars
53.6%
2002Road to Perdition
52.1%
1982The Verdict
51.4%
1977Slap Shot
40.4%
1960Exodus
34.7%
1972The Life and Times of Judge Roy Bean
33.3%
1974The Towering Inferno
32.8%
1956Somebody Up There Likes Me
32.7%
1966Harper
32.3%
1994Nobody's Fool
32.3%
1994The Hudsucker Proxy
31.3%
1981Absence of Malice
30%
1958The Long, Hot Summer
27%
1990Mr. & Mrs. Bridge
25.2%
1967Hombre
23.9%
1966Torn Curtain
23.8%
1954The Silver Chalice
23%
1975The Drowning Pool
21.5%
1989Fat Man and Little Boy
21%
1989Blaze
19.9%
1958The Left Handed Gun
19.6%
2003Our Town
19.5%
1999Message in a Bottle
18.2%
Year Movie Title % Correct
1976Buffalo Bill and the Indians
17.7%
1981Fort Apache the Bronx
17.3%
1998Twilight
17.3%
1962Sweet Bird of Youth
16.7%
1969Winning
15.3%
2005Empire Falls
14.9%
1984Harry & Son
14.8%
1959The Young Philadelphians
14.6%
1968The Secret War of Harry Frigg
14.3%
1960From the Terrace
13.5%
1971Sometimes a Great Notion
13.4%
1958Rally 'Round the Flag, Boys!
12.6%
1961Paris Blues
12.2%
1970WUSA
11.9%
1963The Prize
11.4%
1964What a Way to Go!
10.7%
1956The Rack
10.6%
1973The MacKintosh Man
10.5%
1979Quintet
10.3%
1964The Outrage
9.5%
1972Pocket Money
9.5%
1965Lady L
9.4%
2000Where the Money Is
9.3%
1963A New Kind of Love
9%
1980When Time Ran Out
8.8%
1957Until They Sail
8.7%
1957The Helen Morgan Story
8.2%
1962Hemingway's Adventures of a Young Man
7.6%
2005Magnificent Desolation: Walking on the Moon 3D
5.3%

From the Vault

One, Two...Not Three IV

by Tasi

Give this a play for the quiz icon alone.
Remove Ads.
Support Sporcle.
Get the best of Sporcle when you Go Orange. This ad-free experience offers more features, more stats, and more fun while also helping to support Sporcle. Thank you for becoming a member.

Show Comments

Extras

Top Quizzes Today


Score Distribution

Your Account Isn't Verified!

In order to create a playlist on Sporcle, you need to verify the email address you used during registration. Go to your Sporcle Settings to finish the process.

Report this User

Report this user for behavior that violates our Community Guidelines.

Details: